Statistics for Famous Toms Quiz

Click here to take the quiz!

General Stats

  • This quiz has been taken 37,426 times
    (13,610 since last reset)
  • The average score is 11 of 20

Answer Stats

ClueAnswer% Correct
Invented the light bulbThomas Edison
97%
"Forrest Gump" actorTom Hanks
97%
Jumped on Oprah's couchTom Cruise
77%
Huckleberry Finn's friendTom Sawyer
74%
"It's Not Unusual" to like
this Welsh singer
Tom Jones
71%
Five-time Super Bowl champ who
married a super model
Tom Brady
67%
Purchased Louisiana from FranceThomas Jefferson
67%
Mustachioed star of "Magnum, P.I."Tom Selleck
62%
Boy who became VoldemortTom Riddle
55%
Mötley Crüe drummer;
Ex-husband of Pamela Anderson
Tommy Lee
53%
"Free Fallin'" singerTom Petty
52%
Actor who starred as Bane in
"The Dark Knight Rises"
Tom Hardy
49%
Author with many novels about
CIA analyst Jack Ryan
Tom Clancy
48%
Touched Jesus's woundsDoubting Thomas
42%
"Common Sense" pamphleteer
of the American Revolution
Thomas Paine
38%
Roseanne Barr's ex-husbandTom Arnold
35%
Former NBC news anchorTom Brokaw
33%
Archbishop of Canterbury killed in 1170Thomas Becket
32%
Author of "Utopia"Thomas More
31%
This desert fighter of WWI is often
known by his initials T.E.
T.E. Lawrence
30%

Score Distribution

Percentile by Number Answered

Percent of People with Each Score

Your Score History

You have not taken this quiz since the last reset